| 000 | 00374nam a2200133Ia 4500 | ||
|---|---|---|---|
| 005 | 20260328104253.0 | ||
| 008 | 260328s9999||||xx |||||||||||||| ||und|| | ||
| 100 | _aCampoli, Julie | ||
| 245 | 0 |
_aMade for Walking : _b density and neighborhood form / _cJulie Campoli |
|
| 260 | _bLincoln Institute of Land Policy | ||
| 300 | _a176 p. | ||
| 650 | _aDISEÑO URBANO | ||
| 942 | _cBK | ||
| 999 |
_c10312 _d10312 |
||